00537nam a2200157Ia 4500008004000000082001500040100003900055245004900094260003200143300000800175650002200183690001700205906001100222999001700233952012900250210210b1968 xxu||||| |||| 00| 0 eng d a423.1 BRIB aBRIGHT (P S) and BRIGHT (Jagat S). aBrights dictionary of synonyms and antonyms. aDelhibBright Careersc1968 a159 aSynonyms antonyms aDictionaries a045097 c94373d94373 001040708EnglishaALbALcEnglish Languaged2021-02-17g15.00l0o423.1 BRIBp045097r2021-02-17 00:00:00w2021-02-17yBK